| 000 | 00335nam a22001337a 4500 | ||
|---|---|---|---|
| 040 | _cNUST | ||
| 082 |
_a658.3 _bMOD |
||
| 100 |
_aGold, Nancy _9118664 |
||
| 245 |
_aHuman Factors : _bModule 9 / _cNancy Gold |
||
| 260 |
_aUnited States : _bAircraft Technical Book Company; _c2015. |
||
| 300 | _a177p. | ||
| 521 | _bHB | ||
| 942 |
_2ddc _cBK |
||
| 999 |
_c606843 _d606843 |
||